000 00794nam a2200253 i 4500
001 bg
003 BPK
005 20200525101041.0
008 971010s1989 pl a f f |001 0 pol
015 _aPB 1989/4637
020 _a830108037X
040 _aWA N
_cBPK
080 _a532
080 _a(075.8)
100 1 _aGryboś, Ryszard
_d(1931- )
_eAutor
245 1 0 _aPodstawy mechaniki płynów /
_cRyszard Gryboś.
260 _aWarszawa :
_bPańst. Wydaw. Naukowe,
_c1989.
300 _a587, [1] s. :
_brys., wykr. ;
_c24 cm.
504 _aBibliogr. s. 579-581. - Indeks.
655 4 _aPodręczniki akademickie
650 4 _aMechanika płynów
856 _uhttp://koha.tu.koszalin.pl/cgi-bin/koha/opac-detail.pl?biblionumber=10249
_yKatalog online BPK
942 _2UKD
_cKS
999 _c10249
_d10249